Ukrajina z pohľadu geopolitiky
Ukrajina a jej významné geopolitické postavenie po skončení studenej vojny. Pozícia Ukrajiny v priestore globálneho stretu hlavných aktérov svetovej politiky. Koncepcia budovania nového eurázijského impéria. Ukrajina ako geopolitický katalyzátor.
Salvato in:
| Autore principale: | |
|---|---|
| Natura: | Capitolo di libro |
| Lingua: | slovacco |
| Soggetti: | |
| Tags: |
Nessun Tag, puoi essere il primo ad aggiungerne!!
|
MARC
| LEADER | 00000naa$a2200000$$$4500 | ||
|---|---|---|---|
| 001 | 0025621 | ||
| 005 | 20231016092051.2 | ||
| 041 | 0 | |a slo | |
| 044 | |a CZ | ||
| 245 | 1 | 0 | |a Ukrajina z pohľadu geopolitiky |c Štefan Volner |
| 520 | |a Ukrajina a jej významné geopolitické postavenie po skončení studenej vojny. Pozícia Ukrajiny v priestore globálneho stretu hlavných aktérov svetovej politiky. Koncepcia budovania nového eurázijského impéria. Ukrajina ako geopolitický katalyzátor. | ||
| 610 | 2 | 0 | |a politika medzinárodná |
| 610 | 2 | 0 | |a geopolitika |
| 610 | 2 | 0 | |a integrácia |
| 610 | 2 | 0 | |a transformácia |
| 610 | 2 | 0 | |a spolupráca medzinárodná |
| 610 | 2 | 0 | |a krajiny vyspelé |
| 610 | 2 | 0 | |a Ukrajina |
| 610 | 2 | 0 | |a USA |
| 610 | 2 | 0 | |a Rusko |
| 610 | 2 | 0 | |a Európa |
| 100 | 1 | |a Volner, Štefan | |